Statistics for Groups of Things by Example #2

Click here to take the quiz!

General Stats

  • This quiz has been taken 2,311 times
    (2,265 since last reset)
  • The average score is 37 of 71

Answer Stats

Answer% Correct
Compass Points (South)North
99%
Compass Points (South)East
98%
Compass Points (South)West
98%
The Trinity (Holy Spirit)Father
86%
The Trinity (Holy Spirit)Son
86%
Continents (North America)South America
85%
Continents (North America)Europe
84%
Continents (North America)Asia
83%
Continents (North America)Africa
81%
Continents (North America)Australia
77%
Magi Gifts (Myrrh)Gold
75%
Zodiac Signs (Cancer)Leo
75%
Kellogg's Mascots (Crackle)Pop
72%
Zodiac Signs (Cancer)Capricorn
71%
Kellogg's Mascots (Crackle)Snap
70%
Continents (North America)Antarctica
68%
Zodiac Signs (Cancer)Taurus
64%
Zodiac Signs (Cancer)Gemini
63%
Zodiac Signs (Cancer)Libra
60%
Zodiac Signs (Cancer)Virgo
60%
Zodiac Signs (Cancer)Aquarius
59%
Zodiac Signs (Cancer)Aries
59%
UK Countries Capitals (Belfast)London
59%
Zodiac Signs (Cancer)Pisces
59%
Spice Girls (Sporty)Posh
59%
Poker Hands (One Pair)Two Pair
56%
Spice Girls (Sporty)Scary
55%
Zodiac Signs (Cancer)Sagittarius
54%
Zodiac Signs (Cancer)Scorpio
54%
Magi Gifts (Myrrh)Frankincense
53%
Spice Girls (Sporty)Ginger
53%
Spice Girls (Sporty)Baby
52%
UK Countries Capitals (Belfast)Edinburgh
52%
Poker Hands (One Pair)Flush
52%
UK Countries Capitals (Belfast)Cardiff
51%
States of Matter (Plasma)Gas
51%
The Beatles (Starr)Lennon
51%
States of Matter (Plasma)Liquid
51%
States of Matter (Plasma)Solid
51%
The Beatles (Starr)McCartney
50%
Central American Countries (Panama)Costa Rica
48%
Central American Countries (Panama)Honduras
48%
Central American Countries (Panama)Nicaragua
48%
Griffins Family (Stewie)Peter
48%
Central American Countries (Panama)El Salvador
47%
Poker Hands (One Pair)Full House
46%
Central American Countries (Panama)Guatemala
46%
Griffins Family (Stewie)Meg
46%
Central American Countries (Panama)Belize
45%
The Beatles (Starr)Harrison
45%
Griffins Family (Stewie)Lois
44%
Poker Hands (One Pair)Straight
44%
Griffins Family (Stewie)Brian
42%
Poker Hands (One Pair)Three of a Kind
41%
Australian States (Tasmania)Queensland
40%
Australian States (Tasmania)New South Wales
39%
Griffins Family (Stewie)Chris
35%
Poker Hands (One Pair)Four of a Kind
34%
London Airports (Stansted)Heathrow
33%
Australian States (Tasmania)Victoria
33%
Australian States (Tasmania)Western Australia
33%
London Airports (Stansted)Gatwick
29%
SI/Metric Prefix (Mega)Giga
29%
Poker Hands (One Pair)Straight Flush
29%
Poker Hands (One Pair)High Card
27%
SI/Metric Prefix (Mega)Kilo
25%
Australian States (Tasmania)South Australia
25%
London Airports (Stansted)Luton
24%
SI/Metric Prefix (Mega)Tera
20%
SI/Metric Prefix (Mega)Deca
10%
SI/Metric Prefix (Mega)Hecto
4%

Score Distribution

Percentile by Number Answered

Percent of People with Each Score

Your Score History

You have not taken this quiz since the last reset